Ekonomické teórie metodická pomôcka na cvičenie

Bibliographic Details
Main Authors: Csikósová, Adriana, 1956- (Author), Fabiánová, Zuzana (ekonomka) (Author)
Format: Book
Language:Slovak
PhysicalDescription:61 s. grafy, tab. 29 cm
Published: Košice Technická univerzita 2011
ISBN:9788055307114
Edition:1. vyd.
Subjects:

MARC

LEADER 00000nam a22000005a 4500
001 vtls010313132
003 SK-MaSNL
005 20260318073522.0
008 240313s2011 xo dl e p 000 0 slo
015 |a SNBA2012/01-00202 
020 |a 9788055307114  |q (brož.) 
035 |a B18F9AC1-C8EB-4FD4-927D-C53231518B26 
035 |a urn:nbn:sk:snk-amjxly 
035 |a urn:nbn:sk:snk-am007zqm 
040 |a SNK  |b slo  |c SNK  |e AACR2 
041 0 |a slo 
044 |a xo  |c SK 
072 7 |a 330.8  |x Ekonomické teórie, doktríny, smery  |2 konspekt 
080 |a 330.8  |2 2001 
080 |a (072)  |2 2001 
100 1 |a Csikósová, Adriana,   |d 1956-  |4 aut  |9 1634966 
245 1 0 |a Ekonomické teórie  |b metodická pomôcka na cvičenie  |c Csikósová Adriana, Fabiánová Zuzana 
250 |a 1. vyd. 
260 |a Košice  |b Technická univerzita  |c 2011 
300 |a 61 s.  |b grafy, tab.  |c 29 cm 
366 |e 50 výt. 
504 |a Bibliogr. 
650 0 7 |a ekonomické teórie  |2 SNKPH  |9 2164 
650 0 7 |a Economics (theory)  |2 SNKPHeng  |9 326558 
655 7 |a metodické príručky  |2 SNKPH  |9 70250 
655 7 |a Methodological manuals  |2 SNKPHeng  |9 270866 
700 1 |a Fabiánová, Zuzana (ekonomka)  |4 aut  |9 602842 
919 |a 978-80-553-0711-4 
958 |a OND 
958 |a NB 
968 |d 33 
999 |c 1028541  |d 1030471 
952 |a SNK  |b SNK  |y PREZ  |7 0  |p 17A0718302  |o snkSB 81995  |i snk2011/19826  |8 0  |0 0  |1 0  |4 0  |d 2011-09-23  |f 1  |l 0  |r 2025-05-06 00:00:00  |w 2026-02-24 
952 |a SNK  |b SNK  |y VYP  |7 0  |p 17A0718303  |o snkSB 81995 D1  |i snk2011/19827  |8 0  |0 0  |1 0  |4 0  |d 2011-09-23  |l 0  |r 2016-06-30 00:00:00  |w 2026-02-24